Biometrics and access control in the digital age /
Salvato in:
| Autore principale: | |
|---|---|
| Natura: | testo |
| Soggetti: | |
| Tags: |
Aggiungi Tag
Nessun Tag, puoi essere il primo ad aggiungerne!!
|
MARC
| LEADER | 00000 a a2200000 04500 | ||
|---|---|---|---|
| 001 | 10054 | ||
| 003 | |||
| 040 | |||
| 100 | |a Gates, Kelly | ||
| 245 | |a Biometrics and access control in the digital age / |c Kelly Gates | ||
| 650 | |a CONTROL BIOLOGICO | ||
| 650 | |a ELECCIONES | ||
| 650 | |a MEXICO | ||
| 773 | |g volumen 39, número 5; páginas 35-40 | ||
| 999 | |c 22489 |d 22489 | ||
